000 01692cam a2200181 4500500
005 20260405003931.0
041 _afre
042 _adc
100 1 0 _ade Waele, Jean-Michel
_eauthor
700 1 0 _aPersona, Anthony
_eauthor
245 0 0 _aLes partis agrariens en Europe : Entre reconversion et récupération
260 _c2026.
500 _a77
520 _aActeurs politiques de premier plan pour la défense des agriculteurs dans la première moitié xxe siècle, les partis agrariens d’Europe centrale-orientale et scandinave ont dû faire face à des transformations sociétales importantes. Ceux qui ont survécu ont tenté de pallier la disparition de leur électorat par une reconversion idéologique qui a été source d’errances. Dans le même temps, en Europe occidentale, les thématiques agrariennes, autrefois portées par les syndicats agricoles plus que par des formations politiques, ont été récupérées par les partis de droite radicale.
520 _aMajor actors in the defence of farmers during the first half of the 20th century, the agrarian parties of Central-Eastern Europe and Scandinavia have been confronted with important societal transformations. Those that have survived have attempted to compensate for the loss of their electorate by undergoing an ideological transformation that have led them astray. Meanwhile, in Western Europe, agrarian issues once championed by agricultural unions rather than political parties, have been taken up by radical right-wing parties.
786 0 _nPouvoirs | 197 | 2 | 2026-03-06 | p. 111-119 | 0152-0768
856 4 1 _uhttps://droit.cairn.info/revue-pouvoirs-2026-2-page-111?lang=fr&redirect-ssocas=7080
999 _c2072230
_d2072230